000 00998nam a2200289 i 4500
001 31975
003 ES-MaACL
005 20250804064859.0
007 t|
008 030130s1976 sp ||||1| spa d
020 _a84-279-0850-4
100 1 _aBerger, René.
_927968
245 1 3 _aEl conocimiento de la pintura /
_cRené Berger ; traducción, Luis Monreal y Tejada.
250 _a2ª ed.
260 _aBarcelona ;
_aMadrid :
_bNoguer,
_c1976.
300 _a3 v. :
_bil. ;
_c18 cm.
490 1 _aLibros de bolsillo Noguer ;
_v44-46
500 _aBibliografía e índices en v. 3.
505 8 _aContiene: V. I: El arte de verla. -- V. II: El arte de comprenderla. V. III: El arte de apreciarla
700 1 _aMonreal y Tejada, Luis.
_982276
740 3 _aEl arte de verla.
740 3 _aEl arte de comprenderla.
740 3 _aEl arte de apreciarla.
830 0 0 _aLibros de bolsillo Noguer
_v44-46
_9181960
852 _aES-MaACL
_jL-11078-80
_bR.113045
999 _c31975
_d31975